000 00944nam a2200253Ia 4500
999 _c3662
_d3662
003 OSt
005 20200401111428.0
008 191128s1999 ck gr 001 0dspa d
020 _a9586146944
040 _aCO-JMCR
_cCO-JMCR
041 0 _aspa
082 0 4 _a101 /
_bR436f
100 1 _aRestrepo Trujillo, Jorge
_eautor
_92335
245 1 0 _aFilosofía para profanos /
_cJorge Restrepo Trujillo
250 _aPrimera edición
260 _aBogotá :
_bAriel : Planeta,
_c1999
300 _a226 páginas ;
_c22 cm.
500 _aIncluye datos biográficos del autor.
505 _avolver a pensar -- generalización y generalizaciones -- paralización de la dialéctica -- agotamiento de la modernidad -- en el fondo del nihilismo -- metafísica de la intersubjetividad -- entre saber y creer --la razón instrumentalizada
650 1 4 _aRacionalismo
_92336
650 2 4 _aFilosofía
_92337
650 2 4 _aTeorías
_92338
942 _2ddc
_cBK